<?xml version="1.0" encoding="UTF-8"?>
<marc:record xmlns:marc="http://www.loc.gov/MARC21/slim">
   <marc:leader>00000nam a2200000 a 4500</marc:leader>
   <marc:datafield ind1="1" ind2=" " tag="100">
      <marc:subfield code="a">Tonies</marc:subfield>
      <marc:subfield code="4">aut</marc:subfield>
      <marc:subfield code="e">Verfasser/-in</marc:subfield>
   </marc:datafield>
   <marc:datafield ind1=" " ind2=" " tag="653">
      <marc:subfield code="a">Hörfigur-Hörbuch</marc:subfield>
   </marc:datafield>
   <marc:datafield ind1="0" ind2="0" tag="245">
      <marc:subfield code="a">Große Welt! Große Abenteuer!</marc:subfield>
   </marc:datafield>
   <marc:datafield ind1="0" ind2="0" tag="245">
      <marc:subfield code="b">Thomas &amp; seine Freunde</marc:subfield>
   </marc:datafield>
   <marc:datafield ind1=" " ind2="1" tag="264">
      <marc:subfield code="b">Boxine GmbH</marc:subfield>
      <marc:subfield code="c">2021</marc:subfield>
   </marc:datafield>
   <marc:datafield ind1="1" ind2=" " tag="490">
      <marc:subfield code="a">Thomas &amp; seine Freunde</marc:subfield>
   </marc:datafield>
   <marc:datafield ind1="1" ind2=" " tag="520">
      <marc:subfield code="a">Das Hörspiel zum Kinofilm Ace, ein mutiger kleiner Rennwagen, taucht unversehens in Sodor auf und überredet Lok Thomas zu einer ehrgeizigen Reise: Thomas könnte die erste Dampflok werden, die die ganze Welt bereist! Begeistert macht sich Thomas kurzerhand auf den Weg. Seine Reise führt ihn durch Wüsten, Dschungel und über gefährliche Berge, er fährt durch fünf Kontinente und vorbei an ihm bislang unbekannten Sehenswürdigkeiten. Auf seiner Fahrt zu neuen Orten und Kulturen freundet sich Thomas mit Nia an, einer wagemutigen und lustigen Lok aus Kenia.Während Thomas auf seiner Reise rund um den Globus versucht, mit dem rasanten Rennwagen Ace mitzuhalten, lernt er viel Interessantes über die verschiedensten Orte auf der Welt. Nia weicht ihm dabei nicht von der Seite und versucht,Thomas die Bedeutung von wahrer Freundschaft zu zeigen. 

01 - Start ins große Abenteuer
02 - Wo ist Thomas?
03 - Zwei Loks sind besser als Eine
04 - Mit Musik geht alles leichter
05 - Von Rio de Janeiro nach San Francisco
06 - Karambolage im Regenwald
07 - Frei und locker
08 - Thomas auf Abwegen
09 - Mit dem Schiff nach China
10 - Du bist mein Freund</marc:subfield>
   </marc:datafield>
   <marc:datafield ind1="3" ind2=" " tag="024">
      <marc:subfield code="a">4251192116420</marc:subfield>
   </marc:datafield>
</marc:record>
